Are "green" jobs decent?

Bibliographic Details
Corporate Authors: International Labour Office., ProQuest (Firm)
Format: Electronic eBook
Language:English
Published: Geneva : International Labour Office, 2012.
Series:International journal of labour research ; vol.4, no.2
Subjects:
Online Access:Click to View
LEADER 01244nam a2200337Ia 4500
001 EBC1318478
003 MiAaPQ
005 20200520144314.0
006 m o d |
007 cr cn|||||||||
008 130728s2012 sz a sb 000 0 eng d
020 |z 9789221275015 
020 |a 9789221275022 (electronic bk.) 
035 |a (MiAaPQ)EBC1318478 
035 |a (Au-PeEL)EBL1318478 
035 |a (CaPaEBR)ebr10734917 
035 |a (OCoLC)854520694 
040 |a MiAaPQ  |c MiAaPQ  |d MiAaPQ 
050 4 |a HD5713.3  |b .A74 2012 
245 0 0 |a Are "green" jobs decent?  |h [electronic resource] 
260 |a Geneva :  |b International Labour Office,  |c 2012. 
300 |a p. 131-248 :  |b ill. 
490 0 |a International journal of labour research ;  |v vol.4, no.2 
504 |a Includes bibliographical references. 
533 |a Electronic reproduction. Ann Arbor, MI : ProQuest, 2015. Available via World Wide Web. Access may be limited to ProQuest affiliated libraries. 
650 0 |a Job creation. 
650 0 |a Women in sustainable development. 
655 4 |a Electronic books. 
710 2 |a International Labour Office. 
710 2 |a ProQuest (Firm) 
856 4 0 |u https://ebookcentral.proquest.com/lib/matrademy/detail.action?docID=1318478  |z Click to View